Kỹ thuật điền kinh

Saved in:
Bibliographic Details
Main Author: Nguyễn Văn Chính
Format: Book
Language:Undetermined
Published: Cà Mau Mũi Cà Mau 1992
Subjects:
Tags: Add Tag
No Tags, Be the first to tag this record!
Institutions: Trung tâm Học liệu Trường Đại học Cần Thơ
LEADER 00459nam a2200169Ia 4500
001 CTU_45914
008 210402s9999 xx 000 0 und d
082 |a 796.4 
082 |b Ch312 
100 |a Nguyễn Văn Chính 
245 0 |a Kỹ thuật điền kinh 
245 0 |c Nguyễn Văn Chính 
260 |a Cà Mau 
260 |b Mũi Cà Mau 
260 |c 1992 
650 |a athletics 
980 |a Trung tâm Học liệu Trường Đại học Cần Thơ